000 01626nam a2200241Ia 4500
003 Ost
005 20260507075217.0
008 260507s9999||||xx |||||||||||||| ||und||
020 _a52922299579
040 _cfsecg
041 _aara
082 _a330
100 _aحافظ، عبد الكريم
_eمؤلف
245 0 _aالإدارة الفندقية و السياحية /
_c عبد الكريم حافظ
260 _aعمان:
_bدار اسامة,
_c2009
300 _a280 صفحة؛
_c24 سم
504 _aمراجع ص.275
520 _aماهية إدارة الفنادق ، الحاسوب الآلي في صناعة الفنادق ، نظام المعلومات الادارية الفندقية ، الاقسام التشغيلبة في الفندق : قسم المكتب الامامي ،التسويق و الترويج و الاعلان الفندقي ، قسم المطاعم و الاغذية و المشروبات ، قسم الحفلات و المناسبات و المؤتمرات ، الاقسام المساندة في الفندق : قسم ادارة شؤون الموظفين في الفنادق ، قسم التدبيرالفندقي ، قسم المشتريات و المخازن ،قسم المحاسببة المالية و قسم السلامة و الامن الفندقي مع دراسة الادارة السياحية بالتطرق الى متهية السياحة و الضيافة ، الجودة في السياحة و السياحة الصحية و العلاجية .
653 _aالادارة
653 _aالسياحة
653 _aالفنادق
942 _cكتاب
999 _c43502
_d43502